Random Pair of Countries - Statistics

General Stats
  • This quiz has been taken 314 times
  • The average score is 15 of 20
Answer Stats
Hint Answer % Correct
Are in South America but do not touch Brazil Chile
100%
Countries With Over 1 Billion People China
100%
Have more than 5 Megacities China
97%
Countries With Over 1 Billion People India
97%
Share the Korean Peninsula North Korea
97%
Share the Korean Peninsula South Korea
97%
Shares the Scandinavian peninsula Sweden
97%
Are connected by Channel Tunnel United Kingdom
97%
Landlocked Countries in South America Bolivia
96%
European Countries that border Turkey Greece
96%
Landlocked Countries in South America Paraguay
96%
Border Oman and Saudi Arabia only Yemen
96%
Starts with Z Zimbabwe
95%
Shares the Tallest Peak China
94%
Are connected by Channel Tunnel France
94%
One Border country in Africa Lesotho
94%
Are completely surrounded by Italy Vatican City
94%
Shares the Scandinavian peninsula Norway
93%
Shares the longest border in the World United States
93%
Island Nation in the Middle east Bahrain
91%
Sandwiched between India and China Bhutan
91%
Are in South America but do not touch Brazil Ecuador
91%
Sandwiched between India and China Nepal
91%
Are completely surrounded by Italy San Marino
91%
Shares the longest border in the World Canada
90%
Share the Island of New Guinea Papua New Guinea
90%
Border Sweden Finland
89%
Border Sweden Norway
89%
Starts with Z Zambia
89%
Are African Island nations in Atlantic Cape Verde
88%
Countries with North in their name North Korea
88%
Countries with North in their name North Macedonia
88%
Are African Island nations in Atlantic Sao Tome and Principe
88%
Touches the Bering Sea United States
88%
Have more than 5 Megacities India
86%
Shares the Tallest Peak Nepal
85%
Cities Connected by the Oresund Bridge Sweden
85%
Have an oversea territory with "Virgin Islands" in the name United Kingdom
85%
Have an oversea territory with "Virgin Islands" in the name United States
85%
Are in Central America with same name as Capital Guatemala
83%
Country with no border in Europe Iceland
83%
Shares the Iberian peninsula Portugal
83%
Border Oman and Saudi Arabia only United Arab Emirates
83%
Touches the Bering Sea Russia
82%
Share the Island of New Guinea Indonesia
81%
Have X in them Mexico
81%
Cities Connected by the Oresund Bridge Denmark
80%
Shares the Iberian peninsula Spain
80%
European Countries that border Turkey Bulgaria
78%
Touch Aegean Sea Greece
77%
Are in Central America with same name as Capital Panama
77%
Island Nation in the Middle east Cyprus
76%
One Border country in Africa Gambia
75%
Country with no border in Europe Malta
75%
Share the Island of Hispaniola Dominican Republic
72%
Share the Island of Hispaniola Haiti
72%
Countries with one of two biggest canals Egypt
68%
Countries With "New" in their Name New Zealand
68%
Countries that have more than 10 islands bigger than 10,000 square kilometers Indonesia
65%
Countries that border sea and only one another country in Mainland Europe Denmark
64%
Touch Aegean Sea Turkey
64%
Shares the Lake Titicaca Bolivia
62%
Countries with one of two biggest canals Panama
61%
Are doubly Landlocked Liechtenstein
60%
Shares the Lake Titicaca Peru
58%
Countries that have more than 10 islands bigger than 10,000 square kilometers Canada
57%
Countries With "New" in their Name Papua New Guinea
56%
Are in Asia with same name as Capital Singapore
56%
Shares the shortest border in the World Spain
50%
Are doubly Landlocked Uzbekistan
48%
Are in Asia with same name as Capital Kuwait
47%
Absolute monarchies outside Asia Vatican City
46%
Have X in them Luxembourg
44%
Countries that border sea and only one another country in Mainland Europe Monaco
36%
Have no UNESCO Heritage Site and are Outside Africa Bhutan
32%
Shares the shortest border in the World Morocco
32%
Absolute monarchies outside Asia Eswatini
29%
Have no UNESCO Heritage Site and are Outside Africa Guyana
0%
No matching quizzes found
Score Distribution
Percent of People with Each Score
Percentile by Number Answered
Your Score History
You have not taken this quiz